000 00646cam a2200205 4500
001 J106539
008 000000n2000 000 0 eng u
035 _a(Sirsi) u106539
050 _a711.52
110 _aBritish Urban Regeneration Association
_91394
245 _aBURA members' survey of the Urban Task Force Report "Towards an Urban Renaissance" : In association with Arthur Anderson - Summary conclusions April 2000
260 _aLondon
_bBURA
_c2000
300 _a18p. ; 30cm.
650 _aURBAN REGENERATION
650 _aBURA
650 _aRENEWAL
690 _aREGENERATION
710 _aArthur Andersen
_92223
942 _n0
999 _c100575
_d100575